000 00292nam a22001337a 4500
999 _c160157
_d160157
020 _a
082 _a
_b
100 _aShakuntala Panchal
245 _aHindi anuvad evam bhashik sanrachana/
_cby Shakuntala Panchal.
260 _a
_b
_c2005.
300 _a
650 _a
942 _cBK